00556nam a2200169 4500020001900000082001800019100002400037245002200061260004500083300002600128500002000154650002400174700002200198942000700220999001700227952014200244 a97881131507810 a621.31042 SAR aSarma, Mulukutla S. aElectric machines aNew Delhi, IndiabCengage Learningc2009 axxiii, 694 p.bill. ; aIncludes index. aElectric machinery. aPathak, Mukesh K. cBK c12339d12339 001040708NFICaCLbCLcGENd2013-12-27eSaeed Book Bankg680.16l4o621.31042 SARpSEECS012725r2016-02-03s2015-12-22w2013-12-26yBK